| 000 | 01378nam0a2200373 4500 | ||
|---|---|---|---|
| 001 | RU\NLR\bibl\87430 | ||
| 005 | 20250617073937.0 | ||
| 010 |
_a5-283-05012-2 _bВ пер. _dБ. ц. _955000 |
||
| 020 |
_aRU _b98-28043 _9Книжная летопись |
||
| 021 |
_aRU _b98-17852 _9845 |
||
| 035 | _a(NLR Aleph) 000085401 | ||
| 090 |
_a477165 _c477165 |
||
| 100 | _a20000410d1998 |||y0rusy50 ca | ||
| 101 | 0 | _arus | |
| 102 | _aRU | ||
| 105 | _aa ||||||||| | ||
| 200 | 1 |
_aТюменская энергосистема _eГероич. будни созидания _e[Сборник _fСост. И. Г. Каштанов _gРед. коллегия: В.Ф. Боган и др.] |
|
| 210 |
_aМ. _cЭнергоатомиздат _d1998 |
||
| 215 |
_a352 с. _cил. _d25 |
||
| 606 | 0 |
_aЭнергетические системы _jСборники _yСибирь _91991368 _3RU\NLR\auth\661199882 |
|
| 610 | 0 | _aТопливно-энергетические комплексы | |
| 675 |
_a621.311(571.12)(082) _v3 _zrus |
||
| 686 |
_a44 _2rugasnti |
||
| 686 |
_a31.2 _2rubbk |
||
| 686 | _aУ30(2)57(2Р5)я43 | ||
| 702 | 1 |
_aКаштанов _bИ. Г. _4220 |
|
| 702 | 1 |
_aБоган _bВ. Ф. _4340 |
|
| 801 | 0 |
_aRU _bRKP _c20000410 _gPSBO |
|
| 801 | 1 |
_aRU _bRKP _c20000410 |
|
| 801 | 2 |
_aRU _bNLR _c20021009 _grcr |
|
| 852 |
_aNLR _j98-7/756 |
||
| 942 | _cBOOK | ||
| 980 | _aNB | ||